000 00468nam a2200169 a 4500
001 0000-9186
003 ELIB.Books
008 110520 1970
035 _a(ELIB.Books)0000-9338
082 _a616.89
_bBer
100 _aBerger, Milton M.
245 _aVideotape Techniques in Psychiatric Training and Treatment
260 _bNew York: Brunner/Magel, Inc
_c1970
650 _aMental Disorders
942 _2ddc
_cBK
998 _cbat
_e2011-05-20
999 _c9186
_d9186